| 000 | 00532nam a2200181 i 4500 | ||
|---|---|---|---|
| 001 | 83252 | ||
| 003 | ES-MaACL | ||
| 005 | 20250920063049.0 | ||
| 007 | t| | ||
| 008 | 041116s1927 po ||||1| por d | ||
| 100 | 1 |
_aInsúa, Alberto, _d1885-1963 _965346 |
|
| 245 | 1 | 3 |
_aUn coraçao ludibriado _b: romance / _cAlberto Insúa ; traduçao de Rafael Leal. |
| 260 |
_aPorto : _bCivilizaçao, _c1927. |
||
| 300 |
_a299 p. ; _c19 cm. |
||
| 700 | 1 |
_aLeal, Rafael. _970972 |
|
| 852 |
_aES-MaACL _jF-3181 |
||
| 999 |
_c83252 _d83252 |
||